Germany: (Record no. 21561)
[ view plain ]
| 000 -LEADER | |
|---|---|
| fixed length control field | 00437nam a2200181Ia 4500 |
| 001 - CONTROL NUMBER | |
| control field | 21247 |
| 008 - FIXED-LENGTH DATA ELEMENTS--GENERAL INFORMATION | |
| fixed length control field | 140408s9999 xx 000 0 und d |
| 020 ## - INTERNATIONAL STANDARD BOOK NUMBER | |
| International Standard Book Number | 0-340-51332-2 |
| 040 ## - CATALOGING SOURCE | |
| Transcribing agency | PK-LaUMT |
| 082 ## - DEWEY DECIMAL CLASSIFICATION NUMBER | |
| Classification number | 306.0943 |
| Item number | GER- |
| 100 ## - MAIN ENTRY--PERSONAL NAME | |
| Personal name | Bob Scribner |
| 245 ## - TITLE STATEMENT | |
| Title | Germany: |
| Remainder of title | a new social and economic history |
| Statement of responsibility, etc | Bob Scribner |
| 260 ## - PUBLICATION, DISTRIBUTION, ETC. (IMPRINT) | |
| Place of publication, distribution, etc | London,UK: |
| Name of publisher, distributor, etc | Aronld, |
| Date of publication, distribution, etc | 1996 |
| 300 ## - PHYSICAL DESCRIPTION | |
| Extent | 399 p. |
| 505 ## - FORMATTED CONTENTS NOTE | |
| Miscellaneous information | 1 |
| 546 ## - LANGUAGE NOTE | |
| Language note | EN |
| 942 ## - ADDED ENTRY ELEMENTS (KOHA) | |
| Koha item type | Books |
| Withdrawn status | Lost status | Damaged status | Not for loan | Home library | Current library | Date acquired | Total Checkouts | Full call number | Barcode | Date last seen | Price effective from | Koha item type |
|---|---|---|---|---|---|---|---|---|---|---|---|---|
| UMT Main Campus | UMT Main Campus | 2014-04-08 | 306.0943 GER- | 24200 | 2014-04-23 | 2014-04-23 | Books |
